000 01070nam a2200301 4500
001 0000015837
003 CO-CtgCURN
005 20250331184729.0
007 ta
008 160627s1994 000 0 eng d
020 _a8449300460
040 _aCO-CtgCURN
_bspa
_ccoctgcurn
082 0 _a501
_bK69p
100 1 _aKoyre, Alexandre.
245 1 0 _aKoyre :
_bpensar la ciencia /
_cAlexander Koyre , Carlos Solis.
260 _aMadrid :
_bEdiciones Paidos,
_c1994.
300 _a145 p.
336 _2rdacontent
337 _2rdamedia
_asin mediacion
_bn
338 _2rdacarrier
_avolumen
_bnc
500 _aIncluye indice.
505 8 _aUna historia de la ciencia metafisicamente motivada.--Una historia inmanente.--La confusion entre internismo e idealismo.--Principales obras de Koyre sobre la historia de la ciencia.--Algunos escrito sobre Alexandre Koyre
650 1 4 _aFilosofia de la ciencia.
700 1 _aSolis, Carlos.
908 _a160627
942 _cBK
_h501
_iK69p
_2ddc
999 _c20677
_d20677